| 000 | 01785nam a2200385 c 4500 | ||
|---|---|---|---|
| 003 | BLK | ||
| 005 | 20211020124656.0 | ||
| 008 | 180411b bul|||||r ||||||| ||bul|| | ||
| 010 | _aKNG00178042000 | ||
| 020 |
_a978-954-01-2632-6 _bиздат.: Просвета |
||
| 040 | _aBLK | ||
| 041 |
_aBUL _cBUL |
||
| 072 | 7 |
_2bullib _aН372 _xУчебни предмети. Учебници Н |
|
| 080 |
_aРодинознание _b372.48 _x(075.2) _z372.48(075.2) |
||
| 100 | 1 |
_aБосева, Мария Йорданова _eпърви автор _9367227 |
|
| 700 | 1 |
_aБосева-Георгиева, Мария Йорданова _e* _941963 |
|
| 139 |
_aБосева, Мария Йорданова _bБ 68 |
||
| 245 | 1 | 0 |
_aИнтерактивни дейности по човекът и обществото за ІV клас _cМария Йорданова Босева; * Мария Йорданова Босева-Георгиева. |
| 257 | _aBGR | ||
| 260 |
_аСофия _bПросвета _c2012 _fСофия : Лито Балкан |
||
| 300 |
_a24 с. _bс ил. _c26 см |
||
| 380 | _a3 | ||
| 500 | _aПълното име на авт. е Мария Йорданова Босева-Георгиева. | ||
| 650 | 4 |
_aРодинознание - методика на преподаването - за основни училища _9250284 |
|
| 650 | 4 |
_aОбучение - методи _9245693 |
|
| 653 | _aродинознание | ||
| 653 | _aинтерактивно обучение | ||
| 653 | _aІV кл. | ||
| 653 | _aучебници за основни училища | ||
| 852 | _aЦб ІІ 20675 | ||
| 856 | 4 |
_qpdf _u |
|
| 856 | 4 |
_qpdf _u |
|
| 942 |
_cKNG _n0 _01 |
||
| 944 |
_aCR _c10.07.2015 _lф / _kВиолета_Тройчева |
||
| 944 |
_aED _c26.10.2015 _lф / _kЛюдмила_Стоянова |
||
| 999 |
_c169968 _d169968 |
||